banner koha

Adubacao para o milho, baseada nos metodos de Cate e Vettori e Mitscherlich modificado, adaptados a 56 experimentos de campo realizados no Nordeste [Zea mays; Brasil] (Registro n. 302780)

MARC details
000 -LÍDER
campo de controle de tamanho fixo 01468naa a22004217a 4500
001 - NÚMERO DE CONTROLE
campo de controle BR6009698
003 - IDENTIFICADOR DO NÚMERO DE CONTROLE
campo de controle BR-BrBNA
005 - DATA E HORÁRIO DA ÚLTIMA TRANSAÇÃO
campo de controle 20240918173101.0
007 - CAMPO FIXO DE DESCRIÇÃO FÍSICA--INFORMAÇÃO GERAL
campo de controle de tamanho fixo ta
008 - CAMPO DE DADOS FIXOS--INFORMAÇÃO GERAL
campo de controle de tamanho fixo 230509b bl.||||| |||| 00| 0 por d
040 ## - FONTE DA CATALOGAÇÃO
Instituição da catalogação original BR-BrBNA
Idioma da catalogação por
Instituição que transcreveu o registro Biblioteca Nacional de Agricultura
041 ## - CÓDIGO DE IDIOMA
Código do idioma do texto/trilha sonora ou título diferente (Pt)
072 ## - CÓDIGO DE CATEGORIA DE ASSUNTO
Código de Categoria de Assunto F25; F23
090 ## - NÚMERO DE CHAMADA LOCAL
Número de chamada F25 BR6009698
100 1# - ENTRADA PRINCIPAL--NOME PESSOAL
Nome pessoal Vasconcelos, A.L. de
100 1# - ENTRADA PRINCIPAL--NOME PESSOAL
Nome pessoal Sa Junior, J.P.M. e
100 1# - ENTRADA PRINCIPAL--NOME PESSOAL
Nome pessoal Almeida, L.M. de
100 1# - ENTRADA PRINCIPAL--NOME PESSOAL
Nome pessoal Araujo, S.M.C. de
100 1# - ENTRADA PRINCIPAL--NOME PESSOAL
Nome pessoal Melo Neto, P.L.P. de
111 1# - ENTRADA PRINCIPAL--NOME DO EVENTO
Nome do evento ou lugar 9. Reuniao Brasileira do Milho
Local do evento Recife, PE (Brazil)
Data do evento ou assinatura do tratado 24 Jul 1972
245 1# - TÍTULO
Título Adubacao para o milho, baseada nos metodos de Cate e Vettori e Mitscherlich modificado, adaptados a 56 experimentos de campo realizados no Nordeste [Zea mays; Brasil]
Restante do título Nota preliminar
260 3# - PUBLICAÇÃO, DISTRIBUIÇÃO, ETC.
Local de publicação, distribuição, etc. Recife, PE (Brasil):
Data da publicação, distribuição, etc. 1972.
500 ## - NOTA GERAL
Nota geral Anais da 9. Reuniao Brasileira do Milho<br/>Recife, PE (Brasil): 1972. p. 79-81<br/>(BR6009698-AM)F25<br/>
650 ## - ASSUNTO--TERMO TÓPICO
Cabeçalho tópico ou nome geográfico Fertilidade do solo
650 ## - ASSUNTO--TERMO TÓPICO
Cabeçalho tópico ou nome geográfico Classificacao do solo
650 ## - ASSUNTO--TERMO TÓPICO
Cabeçalho tópico ou nome geográfico Milho
650 ## - ASSUNTO--TERMO TÓPICO
Cabeçalho tópico ou nome geográfico Calcario
650 ## - ASSUNTO--TERMO TÓPICO
Cabeçalho tópico ou nome geográfico Fertilizante fosfatado
650 ## - ASSUNTO--TERMO TÓPICO
Cabeçalho tópico ou nome geográfico Fertilizante potassico
650 ## - ASSUNTO--TERMO TÓPICO
Cabeçalho tópico ou nome geográfico Fertilizante nitrogenado
650 ## - ASSUNTO--TERMO TÓPICO
Cabeçalho tópico ou nome geográfico Custo
650 ## - ASSUNTO--TERMO TÓPICO
Cabeçalho tópico ou nome geográfico Latossolo
650 ## - ASSUNTO--TERMO TÓPICO
Cabeçalho tópico ou nome geográfico Podzolico
650 ## - ASSUNTO--TERMO TÓPICO
Cabeçalho tópico ou nome geográfico Nordeste
773 0# - ENTRADA ANALÍTICA
Título Anais da 9. Reuniao Brasileira do Milho
Número de controle do registro F25 BR6009698
Partes relacionadas Recife, PE (Brasil), 1972. p. 79-81
909 ## -
-- 202404
-- Lucia
-- 55
-- Lucia Elande
942 ## - ELEMENTOS DE ENTRADA ADICIONADOS (KOHA)
Tipo de material Koha Capítulo-Livro
Fonte da classificação ou esquema de arquivamento na estante Classificação AGRIS
Exemplares
Situação do descarte Fonte da classificação ou esquema de arquivamento na estante Situação física Não pode ser emprestado Coleção Biblioteca de origem Biblioteca atual Localização na estante Total de empréstimos Número de telefone completo Data de último acesso Número do exemplar Tipo de material Koha Situação das perdas Data de aquisição Fonte de aquisição
  Classificação AGRIS       Biblioteca Nacional de Agricultura - Binagri Biblioteca Nacional de Agricultura - Binagri Agrobase - Acervo Geral   0120 BR6002999 20/05/2024 01 Capítulo-Livro   2024-04-11 Portaria Interministerial nº 164/94

BINAGRI

Telefone: (61)3218-2567/2388/3357/2097 - binagri@agro.gov.br

Ministério da Agricultura e Pecuária , Esplanada dos Ministérios, Bloco D, Anexo B, Brasília/DF, CEP: 70.043-900